000 01052nas a2200349 4500
001 BR0403360
003 BR-BrBNA
005 20231205104653.0
007 ta
008 230509b bl.|||p| |||| 00| 00por d
040 _aBR-BrBNA
_bpor
_cBiblioteca Nacional de Agricultura
041 _a(Pt)
072 _aL40; L02
100 1 _aFigueiredo, D.F.
100 1 _aMurakami, A.E.
100 1 _aPereira, M.A. dos S.
100 1 _aFurlan, A.C.
100 1 _aToral, F.L.B.
245 1 _aDesempenho e morfometria da mucosa de duodeno de frangos de corte alimentados com farelo de canola, durante o período inicial
650 _aFRANGO DE CORTE
650 _aDUODENO
650 _aMUCOSA
650 _aNUTRIÇÃO ANIMAL
650 _aRAÇÃO
650 _aFARELO
650 _aCOLZA
650 _aPERFORMANCE
650 _aMORFOLOGIA ANIMAL
773 0 _tRevista Brasileira de Zootecnia (Brazil)
_xISSN 1516-3598
_g(Nov-Dec 2003), v. 32(6) p. 1321-1329
_wBR0403360
909 _a202311
_bLúcia
_c55
_dLúcia Elande
942 _2AGRIS
_n0
_cANA
999 _c179214
_d179214